Comprender y enseñar: por una docencia de la mejor calidad

Uloženo v:
Podrobná bibliografie
Hlavní autor: Rios, Terezinha Azerêdo (Autor)
Médium: Kniha
Jazyk:španělština
Vydáno: Barcelona Graó 2003
Vydání:1a. ed
Edice:Formación y Desarrollo Profesional del Profesorado, 185
Témata:
Tagy: Přidat tag
Žádné tagy, Buďte první, kdo vytvoří štítek k tomuto záznamu!

MARC

LEADER 00000nam a2200000 a 4500
001 UCG4542
003 CL-VaPUC
008 101111e20030900SP |||||||||||||||||spa|d
020 |a 8478273069 
082 0 4 |a 372.102  |b RIO  |2 21 
100 0 |a Rios, Terezinha Azerêdo  |e author  |9 553871 
245 1 0 |a Comprender y enseñar: por una docencia de la mejor calidad 
250 |a 1a. ed 
300 |a 125 p 
942 |c BK 
945 |d 20101111 00:00:00  |a mfarfan 
260 |a Barcelona  |b Graó  |c 2003 
650 0 |a Enseñanza  |9 256457 
650 7 |a DOCENCIA  |2 CL-VaPUC  |9 553872 
650 0 |a Comprensión   |9 339377 
650 0 |a Calidad de la educación   |9 307271 
583 |a last modification  |c 20101111 00:00:00  |k Rodrigo Vera 
490 0 |a Formación y Desarrollo Profesional del Profesorado, 185 
999 |c 343240  |d 343238 
952 |0 0  |1 0  |4 0  |6 372_102000000000000_RIO_2003  |7 0  |8 A  |9 440375  |a BIBEDU  |b BIBEDU  |d 2019-11-22  |i 473257K  |o 372.102 RIO 2003  |p 473257K  |r 2019-11-22  |w 2019-11-22  |y BK  |k EPE